Interakcia Ruska s krajinami západu problémy a perspektívy

Na minha lista:
Detalhes bibliográficos
Autor principal: Mojović, Mario
Autor Corporativo: Fakulta medzinárodných vzťahov EU. Katedra medzinárodných politických vzťahov
Outros Autores: Zubro, Tetyana, 1975-
Formato: Livro
Idioma:eslovaco
Publicado em: Bratislava 2022
Tags: Adicionar Tag
Sem tags, seja o primeiro a adicionar uma tag!

MARC

LEADER 00000nbm a2200000 4500
001 0285290
005 20230425103712.2
041 0 |a slo 
044 |a SK 
245 1 0 |a Interakcia Ruska s krajinami západu  |b problémy a perspektívy  |c Mario Mojović ; školiteľ: Tetyana Zubro 
264 1 |a Bratislava  |c 2022 
300 |a 73 s. 
100 1 |a Mojović, Mario 
700 1 |a Zubro, Tetyana, 1975- 
710 2 |a Fakulta medzinárodných vzťahov EU. Katedra medzinárodných politických vzťahov